[Event "POL-ch sf"]
[Site "Karpacz"]
[Date "2022.12.10"]
[Round "8"]
[White "Hadrys, Bogdan"]
[Black "Nowak, Filip"]
[Result "1/2-1/2"]
[WhiteElo "1919"]
[BlackElo "1930"]
[PlyCount "101"]
[EventDate "2022.12.03"]
[EventType "swiss"]
[EventRounds "9"]
[EventCountry "POL"]
[SourceTitle "CBM 211 Extra"]
[Source "ChessBase"]
[SourceDate "2023.01.31"]
[SourceVersion "1"]
[SourceVersionDate "2023.01.31"]
[SourceQuality "1"]

1. e4 c5 2. Nf3 Nc6 3. d3 g6 4. g3 Bg7 5. Bg2 d6 6. 0-0 Nf6 7. c3 0-0 8. a3 Rb8 9. Re1 e5 10. a4 a6 11. h3 Re8 12. Na3 h6 13. Be3 b5 14. axb5 axb5 15. Nd2 Be6 16. Qc2 Qe7 17. Nb3 Rec8 18. Nd2 Kh7 19. f3 Nd7 20. Bf2 f5 21. Bf1 f4 22. g4 Bf6 23. Bg2 Bh4 24. Nf1 Bxf2+ 25. Qxf2 Qf7 26. Nd2 Rb7 27. Bf1 Rcb8 28. Rec1 Qe7 29. Be2 Nf8 30. h4 Kg7 31. Bd1 Qd8 32. Bb3 Bxb3 33. Nxb3 Ne6 34. Nd2 Ra8 35. Nc2 Rba7 36. Rxa7+ Rxa7 37. Na3 Rb7 38. Kg2 d5 39. exd5 Qxd5 40. Ne4 Qxd3 41. Rc2 b4 42. cxb4 cxb4 43. Rxc6 bxa3 44. bxa3 Nd4 45. Nc5 Qxa3 46. Nxb7 Nxc6 47. Qb6 Qa2+ 48. Kh3 Ne7 49. Qd6 Qf7 50. Qxe5+ Qf6 51. Qxf6+ 1/2-1/2

[Event "POL-ch sf"]
[Site "Karpacz"]
[Date "2022.12.03"]
[Round "1"]
[White "Hnydiuk, Aleksander"]
[Black "Nowak, Filip"]
[Result "1/2-1/2"]
[WhiteElo "2361"]
[BlackElo "1930"]
[PlyCount "83"]
[EventDate "2022.12.03"]
[EventType "swiss"]
[EventRounds "9"]
[EventCountry "POL"]
[SourceTitle "CBM 211 Extra"]
[Source "ChessBase"]
[SourceDate "2023.01.31"]
[SourceVersion "1"]
[SourceVersionDate "2023.01.31"]
[SourceQuality "1"]

1. Nf3 d5 2. d4 Nf6 3. c4 c6 4. Qb3 e6 5. g3 Nbd7 6. Bg2 Be7 7. 0-0 0-0 8. Bf4 b6 9. Nc3 Bb7 10. cxd5 cxd5 11. Nb5 a6 12. Nd6 Bxd6 13. Bxd6 Re8 14. Rfc1 Rc8 15. Ne5 Nxe5 16. dxe5 Nd7 17. Qe3 Rc6 18. Rxc6 Bxc6 19. Rc1 Qa8 20. h4 Rc8 21. h5 h6 22. Rc2 Bb5 23. Qc1 Rxc2 24. Qxc2 Qc6 25. Qxc6 Bxc6 26. b4 Bb5 27. Bf3 Bc4 28. a3 f6 29. exf6 Nxf6 30. Kf1 Ne4 31. Bxe4 dxe4 32. Bc7 b5 33. Ke1 Kf7 34. Be5 g6 35. g4 gxh5 36. gxh5 Bd5 37. Kd2 Bc4 38. Ke3 Kg8 39. Bf4 Kg7 40. Be5+ Kf7 41. Bf4 Kg7 42. Be5+ 1/2-1/2

[Event "POL-chT U18 1st"]
[Site "Poland"]
[Date "2022.06.25"]
[Round "1.2"]
[White "Nowak, Filip"]
[Black "Dziewonski, Dariusz"]
[Result "0-1"]
[WhiteElo "1957"]
[BlackElo "2015"]
[PlyCount "60"]
[EventDate "2022.06.25"]
[EventType "team-swiss"]
[EventRounds "9"]
[EventCountry "POL"]
[SourceTitle "EXT 2023"]
[Source "ChessBase"]
[SourceDate "2022.10.05"]
[SourceVersion "1"]
[SourceVersionDate "2022.10.05"]
[SourceQuality "1"]
[WhiteTeam "Wroclaw Invest Polonia"]
[BlackTeam "Myslenice MAT"]
[WhiteTeamCountry "POL"]
[BlackTeamCountry "POL"]

1. e4 e5 2. Nf3 Nc6 3. Bb5 a6 4. Ba4 Nf6 5. 0-0 b5 6. Bb3 Bc5 7. Re1 d6 8. h3 Na5 9. d4 exd4 10. Nxd4 Bxd4 11. Bd5 c6 12. Qxd4 cxd5 13. exd5+ Kf8 14. Bg5 h6 15. Bh4 Bf5 16. Nd2 Rc8 17. Re3 Nc4 18. Rf3 Nxd2 19. Rxf5 Nde4 20. Re1 Qd7 21. Rf3 Rc4 22. Qb6 g5 23. Bg3 Kg7 24. h4 Re8 25. Rd1 Rxc2 26. hxg5 hxg5 27. Qxa6 g4 28. Re3 Nxg3 29. Rxg3 Qf5 30. Rf1 Ree2 0-1

[Event "POL-ch U14"]
[Site "Uniejow"]
[Date "2021.07.22"]
[Round "6"]
[White "Nowak, Filip"]
[Black "Sniadecki, Oskar"]
[Result "1-0"]
[WhiteElo "1745"]
[BlackElo "1488"]
[PlyCount "53"]
[EventDate "2021.07.18"]
[EventType "swiss"]
[EventRounds "9"]
[EventCountry "POL"]
[SourceTitle "EXT 2022"]
[Source "ChessBase"]
[SourceDate "2021.10.06"]
[SourceVersion "1"]
[SourceVersionDate "2021.10.06"]
[SourceQuality "1"]

1. e4 c5 2. Nf3 d6 3. d4 cxd4 4. Nxd4 Nf6 5. Nc3 g6 6. Be3 Bg7 7. f3 0-0 8. Qd2 Nc6 9. 0-0-0 Nxd4 10. Bxd4 Be6 11. Kb1 Qc7 12. h4 h5 13. g4 Nxg4 14. Bxg7 Kxg7 15. fxg4 Bxg4 16. Be2 Bxe2 17. Qxe2 Kh7 18. Rhg1 Rh8 19. Rdf1 Kg7 20. Nd5 Qc5 21. Nxe7 Rae8 22. Nf5+ Kg8 23. Qf3 Rf8 24. Ne7+ Kh7 25. Qxf7+ Rxf7 26. Rxf7+ Kh6 27. Rxg6# 1-0

[Event "Sachsen-ch U08 op"]
[Site "Sebnitz"]
[Date "2013.11.01"]
[Round "7"]
[White "Nowak, Filip"]
[Black "Hagenbeck Huebert, Ben"]
[Result "1-0"]
[WhiteElo "1120"]
[BlackElo "926"]
[PlyCount "81"]
[EventDate "2013.10.28"]
[EventType "swiss"]
[EventRounds "9"]
[EventCountry "GER"]
[SourceTitle "EXT 2018"]
[Source "ChessBase"]
[SourceDate "2017.10.13"]
[SourceVersion "1"]
[SourceVersionDate "2017.10.13"]
[SourceQuality "1"]

1. d4 d5 2. Nf3 Bf5 3. c4 e6 4. Nc3 c6 5. Bf4 Nf6 6. e3 Bb4 7. Be2 Nbd7 8. 0-0 0-0 9. a3 Be7 10. Qb3 Nb6 11. c5 Nbd7 12. Qxb7 Qc8 13. Qxc8 Raxc8 14. Rac1 Ne4 15. Nxe4 Bxe4 16. Nd2 Rfe8 17. Ba6 Rb8 18. Bxb8 Rxb8 19. Nxe4 dxe4 20. Rb1 Bd8 21. g3 Ba5 22. b4 Bc7 23. Rb2 e5 24. dxe5 Nxe5 25. Rfb1 Nf3+ 26. Kg2 h5 27. b5 cxb5 28. Rxb5 Rxb5 29. Rxb5 Ne5 30. Rb7 Ba5 31. Rxa7 Nc6 32. Ra8+ Kh7 33. Rc8 Na7 34. Re8 Nc6 35. Rxe4 f5 36. Re6 Nd8 37. Rd6 Nf7 38. Rd5 Kg6 39. c6 Kf6 40. Rd7 Ke6 41. c7 1-0